000 00707nmc a2200277 a 4500
003 AR-BaBNM
005 20251128211510.0
008 084120s1999 ||||||||||||||000 | spa||
020 _a950-558-054-X
040 _cAR-BaBNM
245 1 0 _aCon los pelos de punta
260 _aBuenos Aires
_bEdiciones Orión
_c1999
300 _a126 p.
490 0 _aTobogán
650 4 _aLITERATURA ARGENTINA
650 4 _aLITERATURA INFANTIL
650 4 _aCUENTOS DE TERROR
650 4 _aANTOLOGIAS
653 _aCUENTOS ARGENTINOS
653 _aCUENTOS DE MISTERIO
655 _aLITERATURA
700 1 _aBird, Poldy
_eprologuista
800 1 _aBird, Poldy
_edirector
942 _cBK
998 _cEugenia
999 _c19916
_d19916